000 01331cam a2200373 4500
008 090401t1995 xxu||||| |||| 00| 0 eng d
020 _a0704905353
035 _a(Sirsi) u26501
041 _aeng
050 _a630
110 _aCentre for Environment and Land Tenure Studies
_92835
245 4 _aThe fifth annual land agents conference and seminar, Shinfield Grange, Reading, 18th January 1995.
260 _aReading
_bCELTS
_c1995
300 _avi,67p. ; 30cm.
350 _a0
490 _aCommentary Series
_v95/1
520 _aPapers:- Self assessment & the new basis of assessment under cases 1 & 2 of Schedule D./ MILES, C. - Farm rent reviews and the impact of the Common Agricultural Policy./ TURNEY, C. - Farm land values./ WARD, J. - The November Budget 1994./ HARLAND, R.
650 _aCOMMON AGRICULTURAL POLICY
650 _aFARM LAND
650 _aFARMING
650 _aINCOME TAX
650 _aLAND PRICES
650 _aRENT REVIEWS
650 _aSCHEDULE D
650 _aSELF ASSESSMENT
650 _aSELF EMPLOYED
650 _aTAXATION
690 _aRURAL PRACTICE
700 _aLong, H.A.R.; Gibbard, R.; Ravenscroft, N. & Markwell, S.S,
_xEditor
710 _aUniversity of Reading
_93273
710 _aCollege of Estate Management
_9400
942 _n0
948 _c04/03/1997
999 _c88943
_d88943